Practical agriculture, or, A complete system of modern husbandry (Record no. 113972)

MARC details
000 -LEADER
fixed length control field 00730cam a22001935a 4500
001 - CONTROL NUMBER
control field L156004
008 - FIXED-LENGTH DATA ELEMENTS--GENERAL INFORMATION
fixed length control field 120424s1814 xxk f 000 0 eng d
035 ## - SYSTEM CONTROL NUMBER
System control number (Sirsi) u156004
041 0# - LANGUAGE CODE
Language code of text/sound track or separate title eng
100 1# - MAIN ENTRY--PERSONAL NAME
Personal name Dickson, R. W.
245 00 - TITLE STATEMENT
Title Practical agriculture, or, A complete system of modern husbandry
Remainder of title with the best methods of planting, and the improved management of live stock
Statement of responsibility, etc. [by R.W. Dickson] ; illustrated with numerous engravings
250 ## - EDITION STATEMENT
Edition statement A new edition
Remainder of edition statement in two volumes
260 ## - PUBLICATION, DISTRIBUTION, ETC.
Place of publication, distribution, etc. London
Name of publisher, distributor, etc. Sherwood, Neely, and Jones
Date of publication, distribution, etc. 1814
300 ## - PHYSICAL DESCRIPTION
Extent 2 v., plates
Other physical details ill.
Dimensions 30 cm.
583 ## - ACTION NOTE
Action Condition reviewed
Time/date of action 20120620
Status condition level 4 and 4
651 #4 - SUBJECT ADDED ENTRY--GEOGRAPHIC NAME
Geographic name Great Britain
Chronological subdivision 1707-
690 ## - LOCAL SUBJECT ADDED ENTRY--TOPICAL TERM (OCLC, RLIN)
Topical term or geographic name as entry element Rural
9 (RLIN) 6268
942 ## - ADDED ENTRY ELEMENTS (KOHA)
Suppress in OPAC 0
Holdings
Withdrawn status Lost status Source of classification or shelving scheme Damaged status Not for loan Home library Current library Shelving location Date acquired Total Checkouts Full call number Barcode Date last seen Copy number Price effective from Koha item type
    Dewey Decimal Classification     Historic collection Historic collection Historic collection 24/04/2012   QUARTO 1814 DICKSON VOL 1 30077923 06/08/2019 1 06/08/2019 Book
          Historic collection Historic collection Historic collection 19/07/2012   AGRICULTURE QUARTO 1814 DICKSON VOL 2 30077927 20/08/2025 1 06/08/2019 Book